Úvod k Encyklopedii /

Spolupracovník francouzské Encyklopedie, matematik, fysik a astronom d'Alembert (1717-1783) nastiňuje ve svém slavném Úvodě vývoj lidského poznání, jeho utřídění a filosofické zásady (v podstatěmaterialistické), jimiž se encyklopedisté při své práci řídili. V předmluvě stanoví J. Pospíšil historický...

Celý popis

Hlavní autor: Alembert, D', 1717-1783
Další autoři: Taraszka, Stanislav
Jazyk: Čeština
Vydáno: Praha : Svoboda, 1950
Vydání: 1., autoris. vyd.
Externí odkaz: Digitalizovaný dokument
Fyzický popis: 114 s. ; 8°
Knihy
Uloženo v:
LEADER 02205nam a22003612a 4500
001 000708576
003 CZ BrMZK
005 20220520070940.0
007 ta
008 040315s1950 xr er|||||||||||cze d
015 |a cnb000676576 
035 |a (OCoLC)85436117 
040 |a ABA001  |b cze  |c BOA001  |d BOA001 
041 1 |a cze  |h fre 
100 1 |a Alembert, D',  |d 1717-1783  |7 jn19981000545  |4 aut 
245 1 0 |a Úvod k Encyklopedii /  |c Jean d'Alembert ; z franc. orig. Discours préliminaire de l'Encyclopédie ... přel. Stanislav Taraszka 
250 |a 1., autoris. vyd. 
260 |a Praha :  |b Svoboda,  |c 1950 
300 |a 114 s. ;  |c 8° 
500 |a 6600 výt. 
500 |a Obsahuje rejstřík 
520 2 |a Spolupracovník francouzské Encyklopedie, matematik, fysik a astronom d'Alembert (1717-1783) nastiňuje ve svém slavném Úvodě vývoj lidského poznání, jeho utřídění a filosofické zásady (v podstatěmaterialistické), jimiž se encyklopedisté při své práci řídili. V předmluvě stanoví J. Pospíšil historický význam encyklopedistů jako tvůrců ideových předpokladů Velké revoluce franc. analogií s ideologickým zápasem dialektickýchmaterialistů vnovédobě. Hodnotí d'Alembertův Úvod jako ukázku bojovného pokrokového myšlení, stojícího na půdě skutečnosti a vědeckého poznání. 
700 1 |a Taraszka, Stanislav  |4 trl 
765 0 |t Discours préliminaire de l'Encyclopédie  |9 Česky 
856 4 1 |u http://www.digitalniknihovna.cz/mzk/uuid/uuid:157d3f60-f2e1-11e3-a2c6-005056827e51  |y Digitalizovaný dokument  |x NDK 
910 |a BOA001  |b 1-0246.952  |b TK-0061.649  |b PK-I-0029.625 
920 |a 000665245 
990 |a BK 
996 7 |b 2619205920  |c 1-0246.952  |l MZK  |r Sklad / do 1 hodiny  |n 6  |w 000708576  |u 000010  |a 1  |e BOA001  |j MZK50  |s A 
996 7 |b 2619372242  |c 1-0246.952  |l MZK  |r Sklad / do 1 hodiny  |n 1  |w 000708576  |u 000030  |a 1  |e BOA001  |j MZK50  |s A 
996 6 |b 2619372243  |c 1-0246.952  |l MZK  |r Sklad / do 1 hodiny  |n 0  |w 000708576  |u 000020  |a 1  |e BOA001  |j MZK50  |s P 
996 7 |b 2629950981  |c TK-0061.649  |l MZK  |r Sklad / do 24 hodin  |n 0  |w 000708576  |u 000040  |a 1  |e BOA001  |j MZK50  |s A 
996 7 |b 3119640977  |c PK-I-0029.625  |l MZK  |r Sklad / do 1 hodiny  |n 2  |w 000708576  |u 000050  |a 1  |e BOA001  |j MZK50  |s A